Zdaňovanie príjmov v SR po 1. januári 2017 (zmeny v zmysle novely zákona č. 341/2016 Z.z.)

Informácia o zmenách v novele zákona 341/2016 o dani z príjmov.

Gespeichert in:
Bibliographische Detailangaben
1. Verfasser: Vašeková, Miroslava, 1978-
Weitere Verfasser: Mateášová, Martina, 1979-
Format: Buchkapitel
Sprache:Slowakisch
Schlagworte:
Tags: Tag hinzufügen
Keine Tags, Fügen Sie das erste Tag hinzu!

MARC

LEADER 00000naa a2200000 4500
001 0240800
005 20240502073923.4
041 0 |a slo 
044 |a SK 
245 1 0 |a Zdaňovanie príjmov v SR po 1. januári 2017 (zmeny v zmysle novely zákona č. 341/2016 Z.z.)  |c Miroslava Vašeková, Martina Mateášová 
520 |a Informácia o zmenách v novele zákona 341/2016 o dani z príjmov. 
610 2 0 |a zákony 
610 2 0 |a novelizácia 
610 2 0 |a dane z príjmov 
610 2 0 |a podnikatelia 
100 1 |a Vašeková, Miroslava, 1978- 
700 1 |a Mateášová, Martina, 1979-